书目信息 |
| 题名: |
国际技术与服务贸易
|
|
| 作者: | 李军 主编 | |
| 分册: | ||
| 出版信息: | 北京 中国人民大学出版社 2012 |
|
| 页数: | 247页 | |
| 开本: | 26cm | |
| 丛书名: | ||
| 单 册: | ||
| 中图分类: | F746.17 | |
| 科图分类: | ||
| 主题词: | 国际贸易--技术贸易--高等学校--教材 , 国际贸易--服务贸易--高等学校--教材 , 国际贸易 , 技术贸易 , 服务贸易 | |
| 电子资源: | ||
| ISBN: | 978-7-300-15823-5 | |
| 000 | 01145nam0 2200301 450 | |
| 001 | 523 | |
| 005 | 20140909101111.42 | |
| 010 | @a978-7-300-15823-5@dCNY29.80 | |
| 100 | @a20130129d2012 em y0chiy50 ea | |
| 101 | 0 | @achi |
| 102 | @aCN@b110000 | |
| 105 | @aa z 000yy | |
| 106 | @ar | |
| 200 | 1 | @a国际技术与服务贸易@f李军主编 |
| 205 | @a2版 | |
| 210 | @a北京@c中国人民大学出版社@d2012 | |
| 215 | @a247页@c照片@d26cm | |
| 300 | @a经济管理类课程教材·国际贸易系列 | |
| 330 | @a本书共12章,分为国际技术贸易和国际服务贸易两部分。第一部分国际技术贸易,分别论述了国际技术贸易基本概念,国际技术贸易相关理论,国际技术贸易的内容、合同条款、交易程序、价格和支付,国际技术贸易法规与惯例等内容。第二部分国际服务贸易,主要介绍了国际服务贸易基本范畴、相关理论、《服务贸易总协定》的内容以及中国服务贸易的发展现状,主要的国际服务贸易产业等内容。 | |
| 606 | 0 | @a国际贸易@x技术贸易@x高等学校@j教材 |
| 606 | 0 | @a国际贸易@x服务贸易@x高等学校@j教材 |
| 606 | 0 | @a国际贸易 |
| 606 | 0 | @a技术贸易 |
| 606 | 0 | @a服务贸易 |
| 690 | @aF746.17@v5 | |
| 701 | 0 | @a李军@4主编 |
| 801 | 0 | @aCN@bTANGWEI@c20140603 |
| 905 | @b0842405-07@dF746.17@e171=2@f3 | |
| 国际技术与服务贸易/李军主编.-2版.-北京:中国人民大学出版社,2012 |
| 247页:照片;26cm |
| 经济管理类课程教材·国际贸易系列 |
| ISBN 978-7-300-15823-5:CNY29.80 |
| 本书共12章,分为国际技术贸易和国际服务贸易两部分。第一部分国际技术贸易,分别论述了国际技术贸易基本概念,国际技术贸易相关理论,国际技术贸易的内容、合同条款、交易程序、价格和支付,国际技术贸易法规与惯例等内容。第二部分国际服务贸易,主要介绍了国际服务贸易基本范畴、相关理论、《服务贸易总协定》的内容以及中国服务贸易的发展现状,主要的国际服务贸易产业等内容。 |
| ● |
| 相关链接 |
|
|
|
|
正题名:国际技术与服务贸易
索取号:F746.17/171=2
 
预约/预借
| 序号 | 登录号 | 条形码 | 馆藏地/架位号 | 状态 | 备注 |
| 1 | 0842405 | 208424052 | 第一样本阅览室/ [索取号:F746.17/171=2] | 在馆 | |
| 2 | 0842406 | 208424061 | 密集书库-海洋学院/ [索取号:F746.17/171=2] | 在馆 | |
| 3 | 0842407 | 208424070 | 第一借阅区/ [索取号:F746.17/171=2] | 在馆 |